000 00376nam a2200145 i 4500
001 bg
100 1 _aBURDZY, Janina
245 0 _a300 [trzysta] zadaĊ„ z rachunku prawdopodobieĊ„stwa /
_cJanina Burdzy.
260 _aLublin :
_bWydaw. WSI,
_c1977.
040 _cBPK
041 _apol
080 _a519(075.8)(076)
942 _cKS
008 s pl f |000 0 pol
999 _c18250
_d18250
856 _uhttp://koha.tu.koszalin.pl/cgi-bin/koha/opac-detail.pl?biblionumber=18250
_yKatalog online BPK